ARRUPE JESUIT UNIVERSITY

CORONAVIRUS -STOP THE SPREAD - CLEAN,DISINFECT,COVER

Science and values (Record no. 131131)

MARC details
000 -LEADER
fixed length control field 00479nam a22001457a 4500
008 - FIXED-LENGTH DATA ELEMENTS--GENERAL INFORMATION
fixed length control field 211129b ||||| |||| 00| 0 eng d
020 ## - INTERNATIONAL STANDARD BOOK NUMBER
International Standard Book Number 0520052676
050 ## - LIBRARY OF CONGRESS CALL NUMBER
Classification number Q175.L295 1984
100 ## - MAIN ENTRY--PERSONAL NAME
Personal name Laudan, Larry
9 (RLIN) 19244
245 ## - TITLE STATEMENT
Title Science and values
Remainder of title the aims of Science and their role in Scientific debate
Statement of responsibility, etc Larry Laudan
260 ## - PUBLICATION, DISTRIBUTION, ETC. (IMPRINT)
Place of publication, distribution, etc London:
Name of publisher, distributor, etc University of California Press,
Date of publication, distribution, etc c1984.
300 ## - PHYSICAL DESCRIPTION
Extent xiv,149p.;
Dimensions 23cm.
650 ## - SUBJECT ADDED ENTRY--TOPICAL TERM
Topical term or geographic name as entry element Science
General subdivision Philosophy
942 ## - ADDED ENTRY ELEMENTS (KOHA)
Source of classification or shelving scheme Library of Congress Classification
Item type Monograph ( Printed materials)
Holdings
Withdrawn status Lost status Source of classification or shelving scheme Damaged status Not for loan Collection code Home library Current library Shelving location Date acquired Total Checkouts Full call number Barcode Date last seen Copy number Price effective from Koha item type
    Library of Congress Classification     Main Collection ARRUPE LIBRARY ARRUPE LIBRARY Main Collection 29/11/2021   Q175.L295 1984 46600007140 29/11/2021 1 29/11/2021 Monograph ( Printed materials)

 

Arrupe Library. PO Box MP320 Mt Pleasant, Harare, Zimbabwe
263 242 745411|librarian@aju.ac.zw